000 00604nam a2200181 i 4500
001 46166
003 ES-MaACL
005 20230906161335.0
007 t|
008 030328s1932 sz ||||1| fre d
111 2 _aConférence Internationale du Travail (
_n6ª.
_d1932.
_cGenéve)
_9183
245 1 0 _aRésumé des rapports annuels présentés en execution de l'article 408.
260 _aGenève :
_bBureau International du Travail,
_c1932.
300 _a420 p. ;
_c32 cm.
500 _aPrecede al tít.: Société des Nations.
710 2 _aSociedad de Naciones.
_96682
852 _aES-MaACL
_jF-14517
999 _c46166
_d46166